Seinfeld Characters By Number Of Episodes - Statistics

General Stats
  • This quiz has been taken 136 times
  • The average score is 13 of 20
Answer Stats
Episodes Character % Correct
180 Jerry Seinfeld
100%
179 George Costanza
99%
178 Cosmo Kramer
98%
178 Elaine Benes
95%
48 Newman
94%
29 Frank Costanza
79%
24 Morty Seinfeld
76%
29 Estelle Costanza
75%
11 David Puddy
70%
29 Susan Ross
67%
22 J. Peterman
62%
15 Uncle Leo
60%
24 Helen Seinfeld
56%
16 George Steinbrenner
52%
7 Kenny Bania
46%
8 Justin Pitt
44%
101 Ruthie Cohen
35%
11 Elliott Lippman
25%
7 Mickey Abbott
25%
12 Matt Wilhelm
23%
No matching quizzes found
Score Distribution
Percent of People with Each Score
Percentile by Number Answered
Your Score History
You have not taken this quiz